000 00509nam a2200193Ia 4500
005 20250326125058.0
008 250326s9999 xx 000 0 und d
037 _aTextbook
040 _aFMSL
_beng
_cFMSL
041 _aeng
_2eng
084 _aX:8M6 K6
_qFMSL
100 _aCurry T P E
_9689501
245 0 _aConduct of meetings
_cCurry T P E; Sykes J R
250 _a20
260 _aLondon
_bLondon, Jordan
_c1966
300 _a234p
942 _cTB
_hX:8M6 K6
999 _c1276438
_d1276438